|
|
|
|
| LEADER |
00872nab a2200217 i 4500 |
| 001 |
misc66190 |
| 005 |
20241003130103.0 |
| 008 |
240222s1919 hu o 000 hun d |
| 040 |
|
|
|a SZTE Miscellanea Repozitórium
|b hun
|
| 041 |
|
|
|a hun
|
| 100 |
1 |
|
|a Tagányi Károly
|
| 245 |
1 |
2 |
|a A hazai élő jogszokások gyűjtéséről
|h [elektronikus dokumentum] :
|b I. rész A családjog és öröklési jog köréből /
|c Tagányi Károly
|
| 260 |
|
|
|a Magyar Néprajzi Társaság
|b Budapest
|c 1919
|
| 300 |
|
|
|a [85]
|c 28 cm
|
| 490 |
0 |
|
|a Néprajzi Könyvtár. Új folyam ; 1.
|
| 561 |
|
|
|a Németh Gyula hagyaték
|
| 591 |
|
|
|a NOV 5905; TOR 6450/9299
|
| 650 |
|
4 |
|a Társadalomtudományok
|
| 650 |
|
4 |
|a Jogtudomány
|
| 695 |
|
|
|a Családjog, Jogtörténet - magyar, Jogszokás, Öröklési jog
|
| 856 |
4 |
0 |
|u http://misc.bibl.u-szeged.hu/66190/1/5905_nov.pdf
|z Dokumentum-elérés
|